Las estructuras históricas : (Registro nro. 62165)
[ vista simple ]
| 000 -LEADER | |
|---|---|
| fixed length control field | 00793nam a2200241 u 4500 |
| 001 - CONTROL NUMBER | |
| control field | 62165 |
| 005 - DATE AND TIME OF LATEST TRANSACTION | |
| control field | 20180714064103.0 |
| 008 - FIXED-LENGTH DATA ELEMENTS--GENERAL INFORMATION | |
| fixed length control field | 150302s1984 mx r 000 0 spa d |
| 020 ## - INTERNATIONAL STANDARD BOOK NUMBER | |
| International Standard Book Number | 968-23-1396-1 |
| 041 1# - LANGUAGE CODE | |
| Language code of text/sound track or separate title | spa-eng |
| 044 ## - COUNTRY OF PUBLISHING/PRODUCING ENTITY CODE | |
| MARC country code | MX |
| 082 ## - DEWEY DECIMAL CLASSIFICATION NUMBER | |
| Classification number | 410 |
| Item number | GAL |
| 100 1# - MAIN ENTRY--PERSONAL NAME | |
| Personal name | Galan, Frantisek W. |
| Relator term | autor |
| 245 14 - TITLE STATEMENT | |
| Title | Las estructuras históricas : |
| Remainder of title | l proyecto de la Escuela de Praga, 1928-1946 / |
| Statement of responsibility, etc. | Traducción de María Luisa Puga. |
| 250 ## - EDITION STATEMENT | |
| Edition statement | Primera edición |
| 264 ## - PRODUCTION, PUBLICATION, DISTRIBUTION, MANUFACTURE, AND COPYRIGHT NOTICE | |
| Place of production, publication, distribution, manufacture | México : |
| Name of producer, publisher, distributor, manufacturer | Siglo Veintiuno |
| Date of production, publication, distribution, manufacture, or copyright notice | 1988 |
| 300 ## - PHYSICAL DESCRIPTION | |
| Extent | 295 páginas ; |
| Dimensions | 21 cm. |
| 336 ## - CONTENT TYPE | |
| Content type term | texto |
| Source | rdacontent |
| 337 ## - MEDIA TYPE | |
| Media type term | sin mediación |
| Source | rdamedia |
| 338 ## - CARRIER TYPE | |
| Carrier type term | volumen |
| Source | rdacarrier |
| 490 1# - SERIES STATEMENT | |
| Series statement | Lingüística y teoría literaria |
| 650 #0 - SUBJECT ADDED ENTRY--TOPICAL TERM | |
| Topical term or geographic name entry element | Círculo Lingüístico de Praga |
| General subdivision | Estructuralismo |
| Withdrawn status | Lost status | Source of classification or shelving scheme | Damaged status | Not for loan | Collection code | Home library | Current library | Shelving location | Date acquired | Source of acquisition | Total Checkouts | Full call number | Barcode | Date last seen | Price effective from | Koha item type |
|---|---|---|---|---|---|---|---|---|---|---|---|---|---|---|---|---|
| Dewey Decimal Classification | General | Tehuacán | Tehuacán | Sala general | 15/10/2015 | Compra | 410 GAL 1984 | 510001 | 08/01/2025 | 15/10/2015 | Libro | |||||
| Dewey Decimal Classification | General | Tehuacán | Tehuacán | Sala general | 02/03/2015 | Compra | 410 GAL 1984 | 509663 | 08/01/2025 | 02/03/2015 | Libro |